00892nam a22002057a 450000500170000002000180001708200170003510000350005224500510008725000180013826000560015630000090021265000140022185600570023594200070029299900150029995201240031495201240043895201240056220250816121214.0 a9788131512661 a540 BETbBET aBettelheim , Frederick. A9636 aGeneral ,Organic and Biochemistry a Lab Manual aIndia Edition aIndiabCengage Learning India Private Limitedc2010 a375p aChemistry uhttps://archive.org/details/laboratorymanual0000fred cBK c1021d1021 0010708NFICaMLCampusbMLCampuscGENd2015-06-08l2o540 BETp006664r2023-11-15 11:01:44s2023-11-01w2015-06-08yBK 0010708NFICaMLCampusbMLCampuscGENd2016-12-10l1o540 BETp005900r2023-05-16 00:00:00s2023-05-03w2016-12-10yBK 0010708NFICaMLCampusbMLCampuscGENd2019-04-09l2o540 BETp006569r2025-08-21 11:55:37s2025-08-07w2019-04-09yBK